Capoluoghi che terminano con la E - Statistics

Statistiche generali
  • Questo quiz è stato fatto 108 volte
  • Il punteggio medio è 8 su 8
Statistiche sulle risposte
Popolazione (ab.) Regione Capoluogo % Corretto
95 425 Puglia Lecce
99%
99 518 Friuli-Venezia Giulia Udine
97%
46 063 Lazio Frosinone
96%
204 338 Friuli-Venezia Giulia Trieste
96%
380 885 Toscana Firenze
94%
51 183 Friuli-Venezia Giulia Pordenone
94%
64 603 Calanria Crotone
93%
80 634 Lombardia Varese
91%
Nessun quiz corrispondente trovato
Distribuzione punteggi
Percentuale di utenti per punteggio
Percentile per numero di risposta
I tuoi punteggi nel tempo
Non hai fatto questo quiz